| 000 | 01475nam a22003857a 4500 | ||
|---|---|---|---|
| 003 | CHAP | ||
| 005 | 20220329143325.0 | ||
| 008 | 080731s2007 mx a r 00010 spa d | ||
| 010 | _a94985 | ||
| 011 | _a95957 | ||
| 035 | _a106593 | ||
| 040 | _cCHAP | ||
| 090 | _aTesis | ||
| 100 | 0 | 0 |
_aVillarreal Galicia, José Ma. _9119594 |
| 245 | 1 | 3 |
_aLa educación de los campesinos para el Desarrollo sustentable comunitario _c/por José Ma. Villarreal Galicia |
| 260 |
_aChapingo, Méx. : _bEl autor, _c2007 |
||
| 300 |
_axiv, 208 h. : _bgráfs., cuadros |
||
| 502 | _aTesis (Dr. en Ciencias en Educación Agrícola Superior) -- UACH. Departamento de Sociología Rural | ||
| 590 |
_aALEPH _b10 _c20130110 _lUCH01 _h1523 |
||
| 590 |
_aBATCH-UPD _b10 _c20130110 _lUCH01 _h0347 |
||
| 590 |
_aBATCH-UPD _b10 _c20130110 _lUCH01 _h1840 |
||
| 590 |
_aBATCH-UPD _b10 _c20130410 _lUCH01 _h0020 |
||
| 590 |
_aBATCH-UPD _b10 _c20130914 _lUCH01 _h0830 |
||
| 590 |
_aCONVERSION _b10 _c20130109 _lUCH01 _h1353 |
||
| 650 | 1 | 4 |
_aCampesinado _xMéxico (Edo.) _918026 |
| 650 | 1 | 4 |
_aComunidades rurales. _926254 |
| 650 | 1 | 4 |
_aDesarrollo rural. _932067 |
| 650 | 1 | 4 |
_aDesarrollo sustentable _zMéxico (Edo.). _932104 |
| 650 | 1 | 4 |
_aEducación rural. _935586 |
| 650 | 1 | 4 |
_aMedio ambiente _xConservación. _974068 |
| 901 | _aBK | ||
| 942 | _cFOLL | ||
| 949 |
_aTesis _bBC _cTES _d33724002060801 _eTS1 _gDonaciØn _h47777 _i106593 _sb |
||
| 949 |
_aTesis _bBC _cTES _d33724002060842 _eTS2 _fc.2 _gDonaciØn _h47778 _i106593 _sb |
||
| 999 |
_c94985 _d94985 |
||